مشكلات تعليم اللغة العربية فى المدارس الثانوية الدينية الحكومية بماليزيا
Saved in:
| Main Author: | |
|---|---|
| Format: | Thesis |
| Language: | Arabic |
| Published: |
خرطوم
: معهد خرطوم دولى غة عربية،
1991
|
| Subjects: | |
| Tags: |
Add Tag
No Tags, Be the first to tag this record!
|
| LEADER | 012660000a22002890004500 | ||
|---|---|---|---|
| 001 | 89320 | ||
| 005 | 20021114234600.0 | ||
| 008 | 940202s1991 ara | ||
| 035 | |a 295629 | ||
| 035 | |a (Sirsi) 89320 | ||
| 040 | |a UIAM |b eng | ||
| 049 | |b m | ||
| 050 | |a PJ6068M4 | ||
| 100 | 0 | |a نور دين بن أحمد | |
| 245 | 1 | 0 | |a مشكلات تعليم اللغة العربية فى المدارس الثانوية الدينية الحكومية بماليزيا |
| 246 | 0 | 0 | |a Mushkilat ta'lim al-lughah al-'Arabiyah fi al-madaris al-thanawiyah al-diniyah al-hukumiyah bi-Maliziya / |c i'dad Nur al-Din Ahmad; ishraf 'Abd Allah 'Abd al-Qadir Karim al-Din |
| 260 | 1 | |a خرطوم |b : معهد خرطوم دولى غة عربية، |c 1991 | |
| 300 | |a 165, <15> p. | ||
| 502 | |a (M.A.)--Ma'had al-Khurtum al-Dawli li al-Lughat al-'Arabiyah, 1991 | ||
| 596 | |a 1 | ||
| 650 | 0 | |a Arabic language |x Study and teaching (Secondary) |z Malaysia | |
| 650 | 0 | |a Arabic language |x Study and teaching |z Malaysia | |
| 655 | 0 | 7 | |a Theses, non-IIUM |
| 700 | 0 | |a Nordin bin Ahmad, |e author | |
| 900 | |a abu-mas-naw | ||
| 999 | |c 430617 |d 462108 | ||
| 952 | |0 0 |6 T PJ 006068 M4N832M |7 0 |8 THESES |9 749889 |a IIUM |b IIUM |c MULTIMEDIA |g 0.00 |o t PJ6068M4N832M |p 00000295632 |r 2017-10-19 |t 1 |v 0.00 |y THESIS | ||
